| 000 | 00723nam a2200193 a 4500 | ||
|---|---|---|---|
| 005 | 20210219161502.0 | ||
| 008 | 120810s2011 mx r 000 0 spa d | ||
| 020 | _a9786077100607 | ||
| 035 | _aUPN01000186139 | ||
| 049 | _aSEP | ||
| 050 | 4 |
_aL227 D6.21 _bB6 |
|
| 110 | 2 | _aInstituto Nacional para la Educación de los Adultos (México) | |
| 245 | 1 | 0 |
_aA 30 años de su creación, semblanza de la labor del Instituto Nacional para la Educación de Adultos / _ccoord. Juan de Dios Castro Muñoz. |
| 260 |
_aMéxico : _bINEA, _c2011. |
||
| 300 |
_a291 p. : _bil. col., cuadros |
||
| 610 | 2 | 4 | _aINSTITUTO NACIONAL PARA LA EDUCACION DE LOS ADULTOS (MEXICO) |
| 700 | 1 |
_aCastro Muñoz, Juan de Dios, _ecoord. |
|
| 905 | _aLibro | ||
| 999 |
_c158242 _d158242 |
||